| 000 | 00618nam a2200205 a 4500 | ||
|---|---|---|---|
| 005 | 20250311063801.0 | ||
| 008 | 010601s2000 ea r 000 0 eng d | ||
| 020 | _a1564966526 | ||
| 035 | _aUPN01000107322 | ||
| 049 | _aCG | ||
| 050 | 4 |
_aTK5105.888 _bB3.4 2000 |
|
| 100 | 1 | _aBaggerman, Lisa | |
| 245 | 1 | 0 |
_aDesign for interaction : _buser friendly graphics / _cLisa Baggerman. |
| 260 |
_aMassachusetts, E.U.A. : _bRockport, _c2000 |
||
| 300 |
_a189 p. : _bil. col. |
||
| 500 | _aEn la portada: Print web product enviromental | ||
| 650 | 4 |
_aSITIOS WEB - _xDISEÑO _97669 |
|
| 650 | 4 |
_aInternet _9547 |
|
| 905 | _aLibro | ||
| 999 |
_c81234 _d81234 |
||